000 01078nac a22003497a 4500
001 BR0200935
003 BR-BrBNA
005 20240105122639.0
008 230509b bl.|||m| |||| 00| 0 por d
040 _aBR-BrBNA
_bpor
_cBiblioteca Nacional de Agricultura
072 _aH10
090 _a4020 BR0200935
100 1 _aLacerda, J.T. de
100 1 _aLeite, J.E.M.
100 1 _aCarvalho, R.A.
100 1 _aOliveira, E.F. de
110 1 _aEmpresa Estadual de Pesquisa Agropecuária da Paraíba S.A., João Pessoa (Brasil)
245 1 _aMosca branca (Bemisia spp.)manejo integrado
260 3 _aJoão Pessoa, PB (Brasil):
_c2001.
300 _a31 p.
490 _aDocumentos - Empresa Estadual de Pesquisa Agropecuária da Paraíba S.A. (Brazil)
_vno. 31
_xISSN 01002-0919
500 _a23 ref.; 6 illus.
650 _aMELÃO
650 _aTOMATE
650 _aABÓBORA
650 _aALGODÃO
650 _aCOUVE
650 _aMOSCA BRANCA
650 _aCONTROLE INTEGRADO
909 _a202312
_bLúcia Elande
_c55
_dLúcia Elande
942 _2AGRIS
_n0
_cMS
999 _c292094
_d292094